Biblia de Jerusalén

Збережено в:
Бібліографічні деталі
Формат: Книга
Мова:Іспанська
Опубліковано: Bilbao Desclée de Brouwer 1999
Предмети:
Теги: Додати тег
Немає тегів, Будьте першим, хто поставить тег для цього запису!

MARC

LEADER 00000cam a2200000 a 4500
001 UCD2084
003 CL-VaPUC
008 160414e19990000sp |||||||||||||||||spa|d
020 |a 8433014447 
082 0 4 |a 220  |b BIB  |2 21 
245 1 0 |a Biblia de Jerusalén 
300 |a 1749 p 
942 |c BK 
945 |d 20160414 22:19:00  |a cmena 
260 |a Bilbao  |b Desclée de Brouwer  |c 1999 
650 0 |a Textos sagrados   |9 257605 
583 |a last modification  |c 20160414 22:19:00  |k Rodrigo Vera 
999 |c 363280  |d 363278